00318 a2200121 4500003000500000005001700005040000900022082000800031245004200039260002000081650007200101651002300173Nust20170207154749.0 cNust a799 aMisc Pics Old Events Misc Photographs aRawalpindibMCS aPictures of Misc Pics Old Events Misc Photographs (Soft Copy) CD-21 aSweet Memories-MCS